| 000 | 00841nam a2200313 4500 | ||
|---|---|---|---|
| 001 | |||
| 003 | DO-SdBPM | ||
| 005 | 20250521104819.0 | ||
| 008 | 930725s1998 sp spa | ||
| 016 | 7 |
_a _z _2 |
|
| 017 |
_a _b |
||
| 020 | _a8423316874 | ||
| 035 | _a | ||
| 040 |
_aDO-SdBPM _bspa _c}BPMSU |
||
| 080 | 0 | _a | |
| 082 |
_a 823.91 _b C689p 1998 _222 |
||
| 100 | 1 | _aCole, Babette | |
| 245 | 1 | 3 |
_aEl príncipe ceniciento / _cBabette Cole _h |
| 260 | 1 |
_aBarcelona : _bEdiciones Destino, _c1998 _f |
|
| 300 |
_a[30] p. : _bil. ; _c20 cm |
||
| 590 | _aInventariado, 2025/VM | ||
| 650 | 4 | _a Cuentos infantiles ingleses | |
| 650 | 4 | _aLiteratura infantil inglesa | |
| 650 | _aLibros ilustrados para niños | ||
| 910 | _aVMateo V. Control de calidad. BPMSU | ||
| 942 |
_2ddc _cBK |
||
| 980 |
_a _b _j _c |
||
| 980 |
_a _b _j _c |
||
| 999 |
_c15068 _d15068 |
||